| 000 | 00499nam a22002057a 4500 | ||
|---|---|---|---|
| 003 | LK-CoDNM | ||
| 005 | 20241219145130.0 | ||
| 008 | 241219b |||||||| |||| 00| 0 eng d | ||
| 040 |
_aLK-CoDNM _dLK-CoDNM _eLK-CoDNM |
||
| 041 | _aeng | ||
| 080 |
_a2 _bI16 |
||
| 100 | _aWOODWARD,BB | ||
| 245 | _aPROCEEDINGGS OF THE MALACOLOGICAL SOCIETY OF LONDON | ||
| 260 |
_c1903 _aLONDON |
||
| 300 | _a416P. : ill ; 23 cm | ||
| 490 | _vVOL 5 | ||
| 650 | _aSCIENCE | ||
| 700 | _aKOBELT,W | ||
| 942 | _cBK | ||
| 999 |
_c233724 _d233724 |
||